Oxford handbook of personnel psychology (Record no. 1434396)

MARC details
000 -LEADER
fixed length control field 00771nam a22002297a 4500
005 - DATE AND TIME OF LATEST TRANSACTION
control field 20250730142341.0
008 - FIXED-LENGTH DATA ELEMENTS--GENERAL INFORMATION
fixed length control field 250730b |||||||| |||| 00| 0 eng d
020 ## - INTERNATIONAL STANDARD BOOK NUMBER
International Standard Book Number Oxford handbook of personnel psychology
037 ## - SOURCE OF ACQUISITION
Terms of availability REF
040 ## - CATALOGING SOURCE
Original cataloging agency CRL
Transcribing agency CRL
041 ## - LANGUAGE CODE
Source of code eng
Language code of text/sound track or separate title eng
084 ## - COLON CLASSIFICATION NUMBER
Classification number X:9:(S)g P8
Assigning agency CRl
245 ## - TITLE STATEMENT
Title Oxford handbook of personnel psychology
260 ## - PUBLICATION, DISTRIBUTION, ETC.
Place of publication, distribution, etc. UK, Oxfod:
Name of publisher, distributor, etc. Oxfod University Pess,
Date of publication, distribution, etc. 2008.
300 ## - PHYSICAL DESCRIPTION
Extent xiii, 653p.
365 ## - TRADE PRICE
Price amount 2993.28
Currency code INR
650 ## - SUBJECT ADDED ENTRY--TOPICAL TERM
Topical term or geographic name entry element Economics
700 ## - ADDED ENTRY--PERSONAL NAME
Personal name Cartwright, Susan
Relator term Editor.
9 (RLIN) 816933
700 ## - ADDED ENTRY--PERSONAL NAME
Personal name Cooper, Cay L.
Relator term Editor.
9 (RLIN) 816935
942 ## - ADDED ENTRY ELEMENTS (KOHA)
Source of classification or shelving scheme Colon Classification (CC)
Koha item type Reference
Classification part X:9:(S)g P8
Suppress in OPAC No
Holdings
Withdrawn status Lost status Source of classification or shelving scheme Damaged status Not for loan Home library Current library Date acquired Source of acquisition Cost, normal purchase price Inventory number Total Checkouts Full call number Barcode Date last seen Price effective from Koha item type
    Colon Classification (CC)     Central Library Central Library 2025-07-30 Elite Publishers Distributors 2993.28 12117 & 2015-03-16   X:9:(S)g P8 CL1609017 2025-07-30 2025-07-30 Reference
Copyright @ Delhi University Library System